Southville International School and Colleges
Your cart is empty.
  • Cart
  • Lists
    Public lists Eva Luna New books Lux_list list_1
    Your lists Log in to create your own lists
  • Log in to your account
  • Your cookies
  • Search history
Southville International School and Colleges
  • Advanced search
  • Recent comments
  • Most popular
  • Libraries

Log in to your account

Log in with GOOGLE


If you do not have an external account, but do have a local account, you can still log in:

  1. Home
  2. MARC view: Laying the ghost /
Normal view MARC view ISBD view

Laying the ghost / (Record no. 10884)

[ view plain ]
MARC details
000 -LEADER
fixed length control field 00853cam a2200301 a 4500
001 - CONTROL NUMBER
control field 15460122
003 - CONTROL NUMBER IDENTIFIER
control field OSt
005 - DATE AND TIME OF LATEST TRANSACTION
control field 20140310182230.0
008 - FIXED-LENGTH DATA ELEMENTS--GENERAL INFORMATION
fixed length control field 080922r20082007enk 000 f eng
010 ## - LIBRARY OF CONGRESS CONTROL NUMBER
LC control number 2008425881
020 ## - INTERNATIONAL STANDARD BOOK NUMBER
International Standard Book Number 9780552773218 (pbk.)
020 ## - INTERNATIONAL STANDARD BOOK NUMBER
International Standard Book Number 9780552773218
035 ## - SYSTEM CONTROL NUMBER
System control number (OCoLC)ocn174129939
040 ## - CATALOGING SOURCE
Original cataloging agency UKM
Transcribing agency UKM
Modifying agency BTCTA
-- BAKER
-- DLC
042 ## - AUTHENTICATION CODE
Authentication code lccopycat
050 00 - LIBRARY OF CONGRESS CALL NUMBER
Classification number PR 6051.S73
Item number .As855 2008
082 ## - DEWEY DECIMAL CLASSIFICATION NUMBER
Classification number FIC
Item number As8l 2008
100 1# - MAIN ENTRY--PERSONAL NAME
Personal name Astley, Judy.
9 (RLIN) 18058
245 10 - TITLE STATEMENT
Title Laying the ghost /
Statement of responsibility, etc Judy Astley.
260 ## - PUBLICATION, DISTRIBUTION, ETC. (IMPRINT)
Place of publication, distribution, etc London :
Name of publisher, distributor, etc Black Swan,
Date of publication, distribution, etc 2008.
300 ## - PHYSICAL DESCRIPTION
Extent 349 p. ;
Dimensions 20 cm.
541 ## - IMMEDIATE SOURCE OF ACQUISITION NOTE
-- 1
562 ## - COPY AND VERSION IDENTIFICATION NOTE
Number of copies 1
650 #0 - SUBJECT ADDED ENTRY--TOPICAL TERM
Topical term or geographic name as entry element Single women
Form subdivision Fiction.
9 (RLIN) 18059
906 ## - LOCAL DATA ELEMENT F, LDF (RLIN)
a 7
b cbc
c copycat
d 3
e ncip
f 20
g y-gencatlg
942 ## - ADDED ENTRY ELEMENTS (KOHA)
Source of classification or shelving scheme Library of Congress Classification
Koha item type
Holdings
Withdrawn status Lost status Source of classification or shelving scheme Damaged status Home library Current library Shelving location Date acquired Total Checkouts Full call number Barcode Date last seen Copy number Price effective from Koha item type
    Library of Congress Classification   Luxembourg Library Luxembourg Library Fiction Section 09/11/2013   PR 6051.S73 .As855 2008 15967 09/11/2013 1 09/11/2013 Books

Laying the ghost /

APA

Astley J., . (2008). Laying the ghost. London: Black Swan.

Chicago

Astley Judy, . 2008. Laying the ghost. London: Black Swan.

Harvard

Astley J., . (2008). Laying the ghost. London: Black Swan.

MLA

Astley Judy, . Laying the ghost. London: Black Swan. 2008.

  • Place hold
  • Print
  • Cite
  • Add to your cart (remove)
  • Save record
    BIBTEX Dublin Core MARCXML MARC (non-Unicode/MARC-8) MARC (Unicode/UTF-8) MARC (Unicode/UTF-8, Standard) MODS (XML) RIS
  • More searches
    Search for this title in:
    Other Libraries (WorldCat) Other Databases (Google Scholar) Online Stores (Bookfinder.com) Open Library (openlibrary.org)

Exporting to Dublin Core...

SOUTHVILLE LIBRARY

Southville International School and Colleges Library

1281 Tropical Ave. Cor. Luxembourg St., BF Homes International, Las Pinas City

Tel. No. 8256374 / 252358 Loc. 117/146

Powered by Koha